[Event "ICS rated blitz match"]
[Site "204.178.125.65"]
[Date "2000.03.05"]
[Round "?"]
[White "Hossa"]
[Black "PostModernist"]
[Result "1/2-1/2"]
[WhiteElo "2446"]
[BlackElo "2633"]
[PlyCount "105"]

1. d4 d5 2. c4 e6 3. Nc3 c5 4. cxd5 exd5 5. Nf3 Nc6 6. g3 Be7 7. dxc5 d4 8. Na4
Bxc5 9. Nxc5 Qa5+ 10. Bd2 Qxc5 11. Bg2 Nf6 12. O-O O-O 13. Qb3 Qh5 14. Rac1 Ne4
15. Bf4 Re8 16. Rfe1 Re7 17. Qa3 Re8 18. Rcd1 Bh3 19. Nxd4 Nxd4 20. Rxd4 Bxg2
21. Kxg2 b6 22. Qf3 Qf5 23. Qd3 Qe6 24. Qc4 Qg6 25. Rc1 Nc5 26. e3 Ne6 27. Rd5
Kh8 28. Rd7 Qf6 29. Rc2 Qf5 30. Rcd2 a6 31. Qd5 Qg6 32. Bd6 Rac8 33. Qb7 Rc1
34. Re7 Rg8 35. e4 Re1 36. f4 a5 37. Rf2 Qg4 38. Qd5 h5 39. h3 Qd1 40. Qxd1
Rxd1 41. e5 Rc8 42. Rxf7 Rcc1 43. Rb7 Rg1+ 44. Kf3 Rce1 45. Rb8+ Kh7 46. Rd2
Nd4+ 47. Rxd4 Rgf1+ 48. Kg2 Rg1+ 49. Kf2 Rgf1+ 50. Kg2 Rg1+ 51. Kf2 Rgf1+ 52.
Kg2 Rg1+ 53. Kf2 1/2-1/2

[Event "ICS rated bullet match"]
[Site "204.178.125.65"]
[Date "2000.03.05"]
[Round "?"]
[White "kanza"]
[Black "Hossa"]
[Result "0-1"]
[WhiteElo "2106"]
[BlackElo "2357"]
[PlyCount "72"]

1. e4 e5 2. d4 exd4 3. Qxd4 Nc6 4. Qe3 Nf6 5. Nc3 Bb4 6. Bd2 O-O 7. O-O-O Re8
8. Qg3 Rxe4 9. a3 Rg4 10. Qh3 Bxc3 11. Bxc3 d5 12. f3 Rd4 13. g4 Rxd1+ 14. Kxd1
d4 15. Bd2 Qd5 16. Qg3 Nxg4 17. fxg4 Qxh1 18. Bd3 Ne5 19. Qxe5 Bxg4+ 20. Be2
Qxg1+ 21. Be1 Rd8 22. Kd2 Qe3+ 23. Qxe3 dxe3+ 24. Kxe3 Re8+ 25. Kf4 Rxe2 26.
Bc3 f5 27. h4 Rxc2 28. h5 Rf2+ 29. Kg5 Rh2 30. h6 Rh5+ 31. Kf4 g5+ 32. Kg3 Rxh6
33. Kg2 Re6 34. a4 h5 35. Kg3 Re2 36. Be5 h4# 0-1

[Event "ICS Rated blitz match"]
[Site "204.178.125.65"]
[Date "2000.03.05"]
[Round "?"]
[White "andante"]
[Black "Hossa"]
[Result "0-1"]
[WhiteElo "2171"]
[BlackElo "2454"]
[PlyCount "28"]

1. e4 c5 2. Nf3 Nc6 3. d4 cxd4 4. Nxd4 Nf6 5. Nc3 e6 6. Be2 Bb4 7. O-O Bxc3 8.
bxc3 Nxe4 9. Ba3 Nxc3 10. Nf5 exf5 11. Re1 Nxd1 12. Bxd1+ Ne7 13. Bd6 O-O 14.
Bxe7 Re8 0-1

[Event "ICS rated blitz match"]
[Site "204.178.125.65"]
[Date "2000.03.05"]
[Round "?"]
[White "Hossa"]
[Black "poodledough"]
[Result "1/2-1/2"]
[WhiteElo "2459"]
[BlackElo "2859"]
[PlyCount "51"]

1. e4 e5 2. Nf3 Nc6 3. Bb5 a6 4. Ba4 Nf6 5. O-O Be7 6. Re1 b5 7. Bb3 d6 8. c3
O-O 9. h3 Nd7 10. d4 Bf6 11. a4 Bb7 12. axb5 axb5 13. Rxa8 Qxa8 14. d5 Na5 15.
Bc2 Nc4 16. b3 Ncb6 17. Na3 Ba6 18. Bd3 c6 19. dxc6 Qxc6 20. Be3 Nc5 21. Nc2
Bb7 22. Na3 Ba6 23. Nc2 Bb7 24. Na3 Ba6 25. Nc2 Bb7 26. Na3 1/2-1/2

[Event "ICS rated bullet match"]
[Site "204.178.125.65"]
[Date "2000.03.05"]
[Round "?"]
[White "Hossa"]
[Black "objectivity"]
[Result "0-1"]
[WhiteElo "2363"]
[BlackElo "2271"]
[PlyCount "154"]
[EventDate "2000.??.??"]

1. e4 e6 2. d4 d5 3. Nc3 Bb4 4. e5 Bxc3+ 5. bxc3 Ne7 6. Nf3 b6 7. Bg5 Ba6 8.
Bxe7 Qxe7 9. Bxa6 Nxa6 10. Qd3 Nb8 11. O-O O-O 12. c4 Rd8 13. cxd5 Rxd5 14. c4
Rd8 15. Qe4 c6 16. Rfb1 h6 17. g3 Qc7 18. Qh4 Nd7 19. Rd1 Nf8 20. Qh5 Rd7 21.
Rab1 Rad8 22. Rdc1 Qb7 23. Qg4 Qa6 24. Ra1 Ng6 25. a4 Ne7 26. c5 Nf5 27. cxb6
axb6 28. Rxc6 Nxd4 29. Nxd4 Rxd4 30. f4 Rxa4 31. Rb1 Ra1 32. Rcc1 Rxb1 33. Rxb1
b5 34. Qe2 Qb6+ 35. Qf2 Rb8 36. Qxb6 Rxb6 37. Rd1 b4 38. Kg2 b3 39. g4 b2 40.
Rb1 h5 41. gxh5 Kh7 42. Kg3 Kh6 43. Kh4 Rb4 44. Kg4 Rb3 45. Kh4 Rb5 46. h3 Rb4
47. Kg4 Rb5 48. Kh4 Rb4 49. Kg4 Kh7 50. Kg5 Kg8 51. f5 exf5 52. Kxf5 Rb6 53.
Ke4 Kh7 54. Kd4 Kh6 55. Kc5 Rb8 56. Kd6 Kxh5 57. Kc7 Rb3 58. Kd6 Kh4 59. Kc5
Kxh3 60. Kc4 Rb7 61. Kc3 g5 62. Kd2 g4 63. Rh1+ Kg2 64. Rb1 g3 65. Ke3 Kh2 66.
Kf3 Rb3+ 67. Kg4 g2 68. e6 fxe6 69. Kf4 g1=Q 70. Rxg1 Kxg1 71. Ke5 b1=Q 72. Kf6
Qe4 73. Kg5 Rb5+ 74. Kf6 Qf5+ 75. Kg7 Rb7+ 76. Kg8 Qf7+ 77. Kh8 Qg7# 0-1

[Event "ICS rated bullet match"]
[Site "204.178.125.65"]
[Date "2000.03.05"]
[Round "?"]
[White "objectivity"]
[Black "Hossa"]
[Result "1/2-1/2"]
[WhiteElo "2333"]
[BlackElo "2356"]
[PlyCount "133"]

1. c3 d5 2. d3 e5 3. d4 exd4 4. cxd4 Be7 5. Nc3 Nf6 6. Bg5 O-O 7. e3 c6 8. Bd3
Bg4 9. Qc2 Nbd7 10. Nge2 Bxe2 11. Qxe2 Ne4 12. Bf4 Ndf6 13. O-O Bd6 14. Bxd6
Nxd6 15. Qc2 Re8 16. Rab1 Qd7 17. h3 g6 18. Rfc1 Nfe4 19. b4 Nxc3 20. Qxc3 Ne4
21. Bxe4 Rxe4 22. Qc5 a6 23. a4 f5 24. b5 axb5 25. axb5 Re6 26. bxc6 Rxc6 27.
Qb4 Ra4 28. Qb3 Rxc1+ 29. Rxc1 f4 30. Rb1 fxe3 31. fxe3 Ra7 32. Qb5 Qe6 33. Kh1
h6 34. Re1 Kg7 35. Qc5 b6 36. Qb5 Ra2 37. Qb3 Rd2 38. Qc3 Rf2 39. Qc7+ Rf7 40.
Qc3 Kh7 41. Qb3 Re7 42. Qb2 Kg8 43. Qb3 Kg7 44. Qb4 g5 45. Qb3 h5 46. Kg1 h4
47. Qd3 Qe4 48. Qxe4 Rxe4 49. Kf2 g4 50. hxg4 Rxg4 51. Rb1 Rg6 52. Rb5 Rf6+ 53.
Ke2 Rg6 54. Rxd5 Rxg2+ 55. Kf3 Rg6 56. Rb5 h3 57. Rb1 Rf6+ 58. Kg3 Rh6 59. Kh2
Kf7 60. e4 Rh4 61. Rxb6 Rxe4 62. Rh6 Rxd4 63. Rxh3 Re4 64. Rf3+ Kg7 65. Kg3 Re2
66. Rf2 Rxf2 67. Kxf2 1/2-1/2

[Event "ICS rated blitz match"]
[Site "204.178.125.65"]
[Date "2000.03.05"]
[Round "?"]
[White "Bonin"]
[Black "Hossa"]
[Result "1-0"]
[WhiteElo "2365"]
[BlackElo "2472"]
[PlyCount "135"]

1. d4 Nf6 2. c4 g6 3. Nc3 Bg7 4. e4 d6 5. Nf3 O-O 6. Be2 e5 7. dxe5 dxe5 8.
Qxd8 Rxd8 9. Bg5 Re8 10. Nd5 Nxd5 11. cxd5 c6 12. Bc4 cxd5 13. Bxd5 Na6 14. O-O
Nb4 15. Bb3 Bg4 16. Bd2 Nd3 17. Ng5 Re7 18. f3 Be6 19. Nxe6 fxe6 20. Bc3 Kf7
21. Rfd1 Rd7 22. g3 Rad8 23. Kf1 g5 24. Ke2 Nc5 25. Bc2 h5 26. Rxd7+ Rxd7 27.
Rd1 Rxd1 28. Kxd1 g4 29. fxg4 hxg4 30. b4 Nd7 31. Ke1 Bf8 32. Bd1 Nf6 33. a3
Bd6 34. Bc2 Bc7 35. Kf2 Bb6+ 36. Kg2 Bd4 37. Bd2 b5 38. Bd3 Bb2 39. Bxb5 Nxe4
40. Be3 Bd4 41. Bxd4 exd4 42. Be2 Nc3 43. Bxg4 d3 44. Kf3 d2 45. Ke3 d1=Q 46.
Bxd1 Nxd1+ 47. Kd4 Nf2 48. b5 Kf6 49. a4 Nd1 50. a5 e5+ 51. Kc5 Nc3 52. a6 Nxb5
53. Kxb5 e4 54. Kc4 Ke5 55. h4 Kf5 56. Kd4 Kf6 57. Kxe4 Ke6 58. g4 Ke7 59. Ke5
Kd7 60. g5 Kc6 61. g6 Kb5 62. g7 Kc6 63. g8=Q Kc5 64. Qc8+ Kb5 65. Kd4 Ka5 66.
Kc4 Kb6 67. Qc5+ Kxa6 68. Qb5# 1-0

[Event "ICS rated bullet match"]
[Site "204.178.125.65"]
[Date "2000.03.05"]
[Round "?"]
[White "KCtan"]
[Black "Hossa"]
[Result "0-1"]
[WhiteElo "2076"]
[BlackElo "2380"]
[PlyCount "78"]

1. d4 Nf6 2. Bf4 g6 3. e3 Nc6 4. h3 Bg7 5. Nf3 O-O 6. Be2 d6 7. O-O Bd7 8. c4
Nh5 9. Bh2 e5 10. Nc3 exd4 11. exd4 Re8 12. d5 Nb4 13. Nd4 Bxd4 14. Qxd4 Nc2
15. Qd2 Nxa1 16. Bxh5 gxh5 17. Rxa1 Qf6 18. f3 Qg7 19. Kh1 Rad8 20. Bf4 h4 21.
Bg5 f6 22. Bxh4 Re5 23. Re1 Rf8 24. Kh2 f5 25. f4 Rxe1 26. Qxe1 Re8 27. Qd2 Qg6
28. Bg5 h6 29. Bh4 a6 30. Bf2 b5 31. cxb5 axb5 32. a3 Re7 33. Bd4 c5 34. dxc6
Bxc6 35. Nd1 Re1 36. Ne3 Ra1 37. Bc3 Qe6 38. Qd4 Qg6 39. Nxf5 Qxg2# 0-1

[Event "ICS rated bullet match"]
[Site "204.178.125.65"]
[Date "2000.03.05"]
[Round "?"]
[White "KCtan"]
[Black "Hossa"]
[Result "1-0"]
[WhiteElo "2066"]
[BlackElo "2390"]
[PlyCount "61"]

1. d4 Nf6 2. Nf3 e6 3. Bg5 c5 4. e3 d5 5. Nbd2 cxd4 6. exd4 Bd6 7. Bd3 O-O 8.
c3 Nbd7 9. Bh4 Nb6 10. Bg3 Be7 11. Ne5 Nbd7 12. f4 Qb6 13. Rb1 Bd6 14. O-O Rb8
15. Kh1 Qc7 16. Bh4 Re8 17. Rf3 Qb6 18. Rh3 Bc7 19. Bxf6 Nxf6 20. Bxh7+ Kf8 21.
Bd3 Kg8 22. g4 Nd7 23. g5 Nxe5 24. fxe5 g6 25. Qg4 Rd8 26. Qf4 f5 27. gxf6 Rd7
28. Qh6 Rh7 29. Qxh7+ Kf8 30. Qg7+ Ke8 31. Rh8# 1-0

[Event "ICS rated standard match"]
[Site "204.178.125.65"]
[Date "2000.03.05"]
[Round "?"]
[White "star"]
[Black "Hossa"]
[Result "1/2-1/2"]
[WhiteElo "2501"]
[BlackElo "2176"]
[PlyCount "135"]

1. e4 c5 2. Nf3 Nc6 3. d4 cxd4 4. Nxd4 Nf6 5. Nc3 d6 6. Bb5 Bd7 7. O-O g6 8. f4
Bg7 9. Bxc6 bxc6 10. e5 Ng4 11. exd6 Qb6 12. Nce2 exd6 13. c3 O-O 14. Re1 Rfe8
15. a4 Re4 16. a5 Qc5 17. h3 Rae8 18. Qd2 Bxd4+ 19. cxd4 Qb5 20. hxg4 Rxe2 21.
Rxe2 Rxe2 22. Qc3 Bxg4 23. Be3 Rxb2 24. Re1 Rb3 25. Qd2 Rd3 26. Qa2 Be6 27. Qa1
Qh5 28. a6 Qd5 29. Bf2 Rb3 30. Qa2 Qf5 31. Qd2 Rb5 32. Qc3 Bd7 33. Qe3 Qe6 34.
d5 Qxe3 35. Rxe3 Rxd5 36. Re7 Be6 37. Re8+ Kg7 38. Bxa7 c5 39. Bb6 Rd2 40. a7
Bd5 41. a8=Q Rxg2+ 42. Kf1 Bxa8 43. Rxa8 Rg4 44. Ra4 Kf6 45. Ke2 Kf5 46. Bc7
Rxf4 47. Rxf4+ Kxf4 48. Bxd6+ Kg4 49. Bxc5 h5 50. Kf2 g5 51. Kg2 f5 52. Bd6 f4
53. Be7 Kf5 54. Kh3 g4+ 55. Kh4 Ke5 56. Bd8 Ke4 57. Bb6 g3 58. Bc7 Kf3 59. Kh3
Ke3 60. Bd6 Ke4 61. Bc7 Kf3 62. Bb8 h4 63. Kxh4 g2 64. Ba7 Ke4 65. Kg4 f3 66.
Bf2 Kd3 67. Kxf3 Kc4 68. Kxg2 1/2-1/2

[Event "ICS rated blitz match"]
[Site "204.178.125.65"]
[Date "2000.03.05"]
[Round "?"]
[White "Hossa"]
[Black "patopato"]
[Result "1-0"]
[WhiteElo "2451"]
[BlackElo "2058"]
[PlyCount "149"]

1. d4 Nf6 2. c4 d5 3. cxd5 Nxd5 4. e4 Nb6 5. Nf3 g6 6. Nc3 Bg7 7. Be2 O-O 8.
Bf4 Bg4 9. Nb5 Na6 10. Be3 c6 11. Nc3 Nc7 12. h3 Bxf3 13. gxf3 e5 14. dxe5 Bxe5
15. Bh6 Re8 16. Qxd8 Raxd8 17. Bd2 Ne6 18. O-O-O Nf4 19. Kb1 h5 20. Bxf4 Bxf4
21. Rhg1 Kf8 22. Bd3 Nd7 23. b4 Ne5 24. Be2 Ke7 25. Kb2 Bh2 26. Rh1 Bf4 27.
Rhg1 g5 28. a4 f6 29. Rgf1 Ng6 30. b5 Be5 31. Rfe1 Nf4 32. Bf1 Rd4 33. Kb3 Red8
34. bxc6 bxc6 35. Kc2 h4 36. a5 Rb4 37. Rxd8 Kxd8 38. Rd1+ Kc7 39. a6 Rd4 40.
Rb1 Rd7 41. Ne2 Nxe2 42. Bxe2 Bf4 43. Bd3 Be5 44. Be2 Bd4 45. Bc4 Bb6 46. Rf1
Rd4 47. Bd3 Ra4 48. Kb3 Ra5 49. Bc4 Kd6 50. Rd1+ Ke5 51. Rf1 Kf4 52. Be2 Re5
53. Rc1 c5 54. Rg1 Re7 55. Rg4+ Ke5 56. Bc4 Rd7 57. Bd5 Rc7 58. Kc4 Rd7 59. f4+
gxf4 60. Rxh4 Rg7 61. Rh5+ Rg5 62. Rh8 Kd6 63. Re8 Rg2 64. e5+ fxe5 65. Bxg2
Bc7 66. Rg8 Bb6 67. Rg6+ Kc7 68. h4 Ba5 69. h5 Bd2 70. h6 f3 71. h7 fxg2 72.
h8=Q g1=Q 73. Qxe5+ Kd8 74. Rd6+ Kc7 75. Qxc5+ 1-0

[Event "ICS rated blitz match"]
[Site "204.178.125.65"]
[Date "2000.03.05"]
[Round "?"]
[White "patopato"]
[Black "Hossa"]
[Result "0-1"]
[WhiteElo "2055"]
[BlackElo "2454"]
[PlyCount "76"]

1. e4 e5 2. Nf3 Nc6 3. d4 exd4 4. Bc4 Nf6 5. e5 Ng4 6. Bf4 Bb4+ 7. c3 dxc3 8.
bxc3 Bc5 9. Bxf7+ Kxf7 10. Qd5+ Kg6 11. Qxc5 Ncxe5 12. Nxe5+ Nxe5 13. Bxe5 d6
14. Qd5 dxe5 15. Qxd8 Rxd8 16. Nd2 Rd3 17. Rc1 Be6 18. Ne4 Bxa2 19. Nc5 Rd5 20.
Ne4 Bc4 21. f3 Rad8 22. Kf2 a5 23. Ra1 b6 24. h4 Kf7 25. h5 Bd3 26. Ng5+ Kf6
27. Nh3 Bc4 28. Rhc1 Rd2+ 29. Kg3 c6 30. Nf2 Bd3 31. Rd1 Bf5 32. Rg1 Ke6 33.
Nd1 R8d3 34. Rc1 Re2 35. Kh4 Rd8 36. g4 Bc2 37. Nb2 Bb3 38. c4 Rxb2 0-1

[Event "ICS rated blitz match"]
[Site "204.178.125.65"]
[Date "2000.03.05"]
[Round "?"]
[White "Hossa"]
[Black "Karpov7"]
[Result "1-0"]
[WhiteElo "2457"]
[BlackElo "2200"]
[PlyCount "43"]

1. e4 d5 2. exd5 Qxd5 3. Nc3 Qe5+ 4. Be2 Qg5 5. Bf3 Qe5+ 6. Nge2 e6 7. d4 Qd6
8. O-O Bd7 9. Bxb7 Bc6 10. Bxa8 Bxa8 11. Re1 Bxg2 12. Kxg2 Qc6+ 13. d5 exd5 14.
Nd4+ Qe6 15. Nxe6 f6 16. Nxf8+ Kxf8 17. Qxd5 Ne7 18. Qd8+ Kf7 19. Rxe7+ Kg6 20.
Qd3+ f5 21. Qg3+ Kf6 22. Nd5# 1-0

[Event "ICS rated blitz match"]
[Site "204.178.125.65"]
[Date "2000.03.05"]
[Round "?"]
[White "Hossa"]
[Black "Alekhine2"]
[Result "1-0"]
[WhiteElo "2457"]
[BlackElo "2099"]
[PlyCount "45"]

1. e4 e5 2. Nf3 Nc6 3. Bb5 Nf6 4. O-O Bc5 5. Nxe5 Nxe5 6. d4 a6 7. Be2 Nxe4 8.
dxc5 Nxc5 9. Re1 O-O 10. Bxa6 d6 11. Be2 Bf5 12. Be3 Na4 13. b3 Nb6 14. Bxb6
cxb6 15. Bb5 Qf6 16. Nc3 Nc6 17. Nd5 Qg5 18. h4 Qg4 19. Bxc6 bxc6 20. f3 Bxc2
21. Ne7+ Kh8 22. fxg4 Bxd1 23. Rexd1 1-0

[Event "ICS rated blitz match"]
[Site "204.178.125.65"]
[Date "2000.03.05"]
[Round "?"]
[White "Alekhine2"]
[Black "Hossa"]
[Result "0-1"]
[WhiteElo "2095"]
[BlackElo "2461"]
[PlyCount "63"]
[EventDate "2000.??.??"]

1. e4 c5 2. f4 d5 3. exd5 Nf6 4. Bb5+ Bd7 5. Bxd7+ Qxd7 6. c4 e6 7. Qe2 Bd6 8.
d3 O-O 9. dxe6 fxe6 10. Nf3 Nc6 11. O-O Rad8 12. Nc3 Nd4 13. Nxd4 cxd4 14. Ne4
Nxe4 15. Qxe4 Bc5 16. Bd2 Bb6 17. Rae1 Rf6 18. b3 Rc8 19. Re2 Rc5 20. Be1 Rh5
21. Bg3 Bc5 22. Qf3 Qf7 23. Re4 Rhf5 24. Rfe1 Bb4 25. R1e2 Bc3 26. Re5 Rxf4 27.
Bxf4 Rxf4 28. Rxe6 Rxf3 29. gxf3 Qxf3 30. Re8+ Kf7 31. R2e6 Bb4 32. Rb8 0-1

[Event "ICS rated blitz match"]
[Site "204.178.125.65"]
[Date "2000.03.05"]
[Round "?"]
[White "Hossa"]
[Black "Alekhine2"]
[Result "1-0"]
[WhiteElo "2464"]
[BlackElo "2092"]
[PlyCount "39"]
[EventDate "2000.??.??"]

1. d4 Nf6 2. c4 e6 3. Nc3 Bb4 4. e3 c5 5. Bd3 d5 6. cxd5 Nxd5 7. Nge2 cxd4 8.
exd4 Nc6 9. O-O Kf8 10. Be3 f6 11. Nxd5 exd5 12. Qb3 Bd6 13. Nc3 Be6 14. Qxb7
Nb4 15. Be2 h5 16. Nb5 Rb8 17. Qxa7 Be7 18. Nc7 Bf7 19. Rfc1 Bg6 20. Ne6+ 1-0

[Event "ICS Rated blitz match"]
[Site "204.178.125.65"]
[Date "2000.03.05"]
[Round "?"]
[White "Hossa"]
[Black "Bannon"]
[Result "1-0"]
[WhiteElo "2467"]
[BlackElo "2097"]
[PlyCount "54"]
[EventDate "2000.??.??"]

1. e4 c5 2. Nf3 Nc6 3. d4 cxd4 4. Nxd4 Nf6 5. Nc3 e5 6. Ndb5 d6 7. Bg5 a6 8.
Na3 b5 9. Bxf6 gxf6 10. Nd5 f5 11. Bd3 Be6 12. O-O Bg7 13. Qh5 f4 14. c4 b4 15.
Nc2 a5 16. Rfd1 O-O 17. Be2 Rb8 18. b3 Qd7 19. Bf3 f6 20. Rd2 Qf7 21. Qh4 f5
22. Rad1 Rbe8 23. Bh5 Qb7 24. Bxe8 Rxe8 25. Nf6+ Bxf6 26. Qxf6 Qf7 27. Qg5+ Qg7
1-0

[Event "ICS rated blitz match"]
[Site "204.178.125.65"]
[Date "2000.03.05"]
[Round "?"]
[White "Amateur"]
[Black "Hossa"]
[Result "1/2-1/2"]
[WhiteElo "2506"]
[BlackElo "2470"]
[PlyCount "320"]
[EventDate "2000.??.??"]

1. e4 e5 2. Nf3 Nc6 3. Bb5 a6 4. Ba4 Nf6 5. O-O Be7 6. Re1 b5 7. Bb3 O-O 8. h3
a5 9. d3 Bb7 10. Be3 a4 11. Bd5 d6 12. c4 bxc4 13. dxc4 Qb8 14. Nc3 Na5 15.
Bxb7 Qxb7 16. Qxa4 Nxe4 17. Nd5 Bd8 18. Qc2 f5 19. b3 c6 20. Nc3 Nxc3 21. Qxc3
Qa6 22. Rad1 Nb7 23. a4 Rb8 24. Qc2 f4 25. Bc1 Ba5 26. Ng5 g6 27. Re2 Rf5 28.
Nf3 Bb4 29. Nh2 Nd8 30. Rd3 Nf7 31. Bb2 Qb6 32. Qd1 Ra8 33. Qc2 Ra7 34. Bc3 Ra6
35. Ng4 Bxc3 36. Qxc3 Ra5 37. Rf3 Qa6 38. Qb4 Qa7 39. Qe1 Ra6 40. Qd2 Qc5 41.
Re1 Rb6 42. Rb1 Rb4 43. Rd1 Qb6 44. Qc2 Qb8 45. Re1 Qa7 46. Qc3 Qb6 47. Qc2 Qd4
48. h4 Kh8 49. Rd3 Qa7 50. Nh2 Rh5 51. Nf3 Qb8 52. a5 Qa7 53. Qa2 Kg8 54. Rd2
Qb8 55. a6 Qa7 56. Ra1 Rb8 57. Qa4 Qc7 58. a7 Ra8 59. Qa6 e4 60. Nd4 Nd8 61.
Re2 Re5 62. Rea2 Re7 63. b4 f3 64. gxf3 exf3 65. Kh1 Qd7 66. Nxf3 Qh3+ 67. Nh2
Qxh4 68. Rd2 Qf4 69. Rad1 Rexa7 70. Qb6 Ra1 71. Qd4 Rxd1+ 72. Rxd1 Qxd4 73.
Rxd4 Nf7 74. b5 cxb5 75. cxb5 h5 76. Nf3 Ra1+ 77. Kg2 Rb1 78. Rd5 Kg7 79. Nd4
g5 80. f4 gxf4 81. Rxh5 Ne5 82. Rf5 Rb2+ 83. Kh3 Nd3 84. Rd5 Kf6 85. Rxd6+ Ke5
86. Rd7 Ke4 87. Nc6 Rxb5 88. Rf7 Rb3 89. Kh4 Rc3 90. Na7 Ne5 91. Rb7 Rg3 92.
Nc8 Nf3+ 93. Kh5 Rh3+ 94. Kg6 Ne5+ 95. Kg5 Nd3 96. Re7+ Kf3 97. Nb6 Nc5 98. Kf5
Rh5+ 99. Kg6 Kg4 100. Re1 Rh2 101. Re5 Nd3 102. Rg5+ Kh4 103. Rd5 Rg2+ 104. Kf5
Rg5+ 105. Ke4 Nb4 106. Rd1 Kg4 107. Rf1 Kg3 108. Rf3+ Kg2 109. Rxf4 Nd5 110.
Nxd5 Kh2 111. Rf2+ Kg3 112. Rf6 Rg4+ 113. Nf4 Rh4 114. Rf5 Kf2 115. Rg5 Rh2
116. Nd3+ Ke2 117. Nf4+ Kf2 118. Rb5 Rh6 119. Rb2+ Ke1 120. Nd3+ Kf1 121. Rf2+
Kg1 122. Rf5 Rh4+ 123. Ke5 Rc4 124. Rg5+ Kh2 125. Rg6 Kh3 126. Nf4+ Kh2 127.
Rg2+ Kh1 128. Rg6 Kh2 129. Rg7 Rc5+ 130. Kd4 Rc6 131. Rg2+ Kh1 132. Rg5 Kh2
133. Rg7 Rd6+ 134. Nd5 Rd8 135. Ke4 Re8+ 136. Ne7 Rd8 137. Rh7+ Kg3 138. Rg7+
Kh2 139. Rg6 Rd7 140. Nd5 Rd8 141. Rh6+ Kg3 142. Rg6+ Kh2 143. Re6 Kg3 144. Re7
Rf8 145. Rg7+ Kf2 146. Rb7 Re8+ 147. Ne7 Kg3 148. Ra7 Rd8 149. Nd5 Re8+ 150.
Kd4 Kg2 151. Ne3+ Kg3 152. Rg7+ Kf2 153. Rf7+ Kg3 154. Rf6 Rd8+ 155. Nd5 Kg2
156. Re6 Rc8 157. Ke4 Rc4+ 158. Kf5 Rd4 159. Ke5 Rh4 160. Nf6 Kf2 1/2-1/2

[Event "ICS rated blitz match"]
[Site "204.178.125.65"]
[Date "2000.03.05"]
[Round "?"]
[White "Hossa"]
[Black "PostModernist"]
[Result "0-1"]
[WhiteElo "2472"]
[BlackElo "2643"]
[PlyCount "170"]
[EventDate "2000.??.??"]

1. c4 e5 2. Nc3 Nc6 3. Nf3 Nf6 4. g3 Bb4 5. Bg2 O-O 6. O-O Bxc3 7. bxc3 e4 8.
Nd4 Re8 9. d3 h6 10. Ba3 d6 11. Nxc6 bxc6 12. d4 Be6 13. Qa4 Qd7 14. Rab1 Bh3
15. Rb7 Bxg2 16. Kxg2 a5 17. c5 d5 18. Bc1 Rec8 19. Rd1 Qg4 20. Re1 Qe6 21. Qb3
g5 22. Bd2 a4 23. Qb4 Qg4 24. h3 Qe6 25. Rb1 Nd7 26. Rh1 Qf5 27. Rf1 Nf6 28. c4
Qe6 29. Rc1 dxc4 30. Qxc4 Nd5 31. a3 Re8 32. e3 Qc8 33. Rbb1 g4 34. Rh1 Kh7 35.
Qe2 Rg8 36. hxg4 Qxg4 37. Qxg4 Rxg4 38. Rb7 Rgg8 39. Rh4 f5 40. Rh1 Rgb8 41.
Rhb1 Rxb7 42. Rxb7 Kg7 43. Kh3 Kf6 44. Kh2 Kg6 45. Kg1 Kf6 46. Kf1 Kg6 47. Ke1
Kf6 48. Kd1 Kg5 49. Kc2 Kg4 50. Be1 Kf3 51. Kd1 Rc8 52. Rb2 Nf6 53. Kd2 Nd5 54.
Kc1 Kg2 55. Kc2 Rd8 56. Rb7 Kf1 57. Kd1 Rg8 58. Kd2 Rh8 59. Rb2 h5 60. Rb7 h4
61. gxh4 Rxh4 62. Rb8 f4 63. Rf8 Rh2 64. Kd1 Rh3 65. Kd2 Rf3 66. Re8 fxe3+ 67.
fxe3 Rxe3 68. Bh4 Rd3+ 69. Kc2 Rc3+ 70. Kb2 Rb3+ 71. Kc2 e3 72. Bg3 Rxa3 73.
Ra8 Nb4+ 74. Kb2 Rb3+ 75. Kc1 a3 76. Bf4 e2 77. Bg3 Rxg3 78. Rf8+ Ke1 79. Rh8
Rc3+ 80. Kb1 Kd2 81. Rh1 e1=Q+ 82. Rxe1 Rb3+ 83. Ka1 Kxe1 84. d5 Nc2+ 85. Ka2
Rb2# 0-1

[Event "ICS rated blitz match"]
[Site "204.178.125.65"]
[Date "2000.03.05"]
[Round "?"]
[White "PostModernist"]
[Black "Hossa"]
[Result "1-0"]
[WhiteElo "2652"]
[BlackElo "2463"]
[PlyCount "149"]
[EventDate "2000.??.??"]

1. c4 c5 2. Nf3 Nf6 3. Nc3 d5 4. cxd5 Nxd5 5. e3 Nxc3 6. bxc3 g6 7. Bb5+ Nd7 8.
O-O Bg7 9. d4 a6 10. Bd3 O-O 11. Bb2 b6 12. Be4 Ra7 13. Qe2 Nf6 14. Bc2 Bb7 15.
e4 Qc7 16. e5 Nh5 17. Be4 Nf4 18. Qe3 Bh6 19. Kh1 Rd8 20. Bxb7 Qxb7 21. e6 Nxg2
22. exf7+ Kxf7 23. Ne5+ Kg7 24. Qf3 Qxf3 25. Nxf3 Nf4 26. c4 Kg8 27. dxc5 bxc5
28. Rab1 Rb7 29. Be5 Rxb1 30. Rxb1 Rd3 31. Bxf4 Bxf4 32. Rb3 Rxb3 33. axb3 g5
34. Ne1 Kf7 35. Nd3 Bd6 36. f3 e6 37. Nf2 a5 38. Ne4 Be7 39. Kg2 h5 40. Kf2 Kg6
41. Ke3 Kh6 42. Kf2 Kh7 43. Ke2 Kg7 44. Kd3 Kf7 45. Ke2 Ke8 46. Kf2 Kd7 47. Kg3
Kc6 48. Kh3 Bd8 49. Ng3 Kd6 50. Nxh5 Ke7 51. Ng3 Kf7 52. Ne4 Be7 53. Kg4 Kg6
54. f4 gxf4 55. Kxf4 Kf7 56. h3 Bf8 57. Ke5 Be7 58. Nd6+ Bxd6+ 59. Kxd6 Kf6 60.
Kxc5 Ke7 61. Kc6 e5 62. Kd5 Kf6 63. h4 Kf5 64. c5 e4 65. c6 Kf4 66. c7 e3 67.
c8=Q Kg3 68. Ke4 e2 69. Qc3+ Kg2 70. Qf3+ Kh2 71. Qf2+ Kh3 72. Kf3 e1=N+ 73.
Qxe1 Kh2 74. Qf2+ Kh1 75. Qg2# 1-0

[Event "ICS rated bullet match"]
[Site "204.178.125.65"]
[Date "2000.03.05"]
[Round "?"]
[White "Hossa"]
[Black "PostModernist"]
[Result "1/2-1/2"]
[WhiteElo "2362"]
[BlackElo "2447"]
[PlyCount "114"]

1. e4 c6 2. d4 d5 3. exd5 cxd5 4. c4 Nf6 5. Nc3 g6 6. cxd5 Nxd5 7. Bc4 Nb6 8.
Bb3 Bg7 9. Nf3 Nc6 10. d5 Na5 11. O-O O-O 12. Re1 Nxb3 13. Qxb3 Bxc3 14. bxc3
Nxd5 15. Rd1 Be6 16. c4 Qb6 17. cxd5 Qxb3 18. axb3 Rfd8 19. Be3 Rxd5 20. Rxd5
Bxd5 21. Nd2 a6 22. Rc1 Bc6 23. Bb6 a5 24. Re1 e6 25. Ne4 a4 26. bxa4 Rxa4 27.
Nd6 Rg4 28. g3 Rb4 29. Bc5 Rb2 30. Ra1 f6 31. h3 Rd2 32. Bb4 Rc2 33. Ra8+ Kg7
34. Kf1 e5 35. Rb8 Bf3 36. Ba5 Kh6 37. Be1 Rb2 38. h4 Bd5 39. Bc3 Rc2 40. Bb4
Rb2 41. Ba3 Rb1+ 42. Ke2 e4 43. Ne8 Rb6 44. g4 g5 45. h5 Rb2+ 46. Bxb2 Bc4+ 47.
Kd2 Be6 48. Nxf6 Bxg4 49. Nxg4+ Kxh5 50. Nf6+ Kg6 51. Rxb7 h5 52. Nxe4 h4 53.
Rg7+ Kf5 54. Nxg5 Kf4 55. Ne6+ Ke4 56. Rh7 Kf3 57. Rxh4 Kxf2 1/2-1/2

[Event "ICS rated standard match"]
[Site "204.178.125.65"]
[Date "2000.03.05"]
[Round "?"]
[White "Hossa"]
[Black "ET2000"]
[Result "0-1"]
[WhiteElo "2188"]
[BlackElo "2615"]
[PlyCount "128"]

1. d4 Nf6 2. c4 g6 3. Nc3 Bg7 4. Nf3 d5 5. Qb3 dxc4 6. Qxc4 O-O 7. Bf4 c6 8. e4
b5 9. Qc5 Qb6 10. Qxb6 axb6 11. Bd3 Nh5 12. Bc7 Be6 13. O-O Rc8 14. Be5 Bxe5
15. Nxe5 f6 16. Nf3 Nf4 17. Rfd1 b4 18. Ne2 Nxd3 19. Rxd3 Rxa2 20. Rxa2 Bxa2
21. Rd1 Bc4 22. Ng3 Kf7 23. Ra1 Rd8 24. Ra7 Rd7 25. Ra8 Na6 26. Rh8 Kg7 27. Rc8
Bb5 28. h4 c5 29. d5 Ra7 30. h5 Bd7 31. Rd8 c4 32. e5 c3 33. bxc3 bxc3 34.
exf6+ exf6 35. Ne2 c2 36. Nfd4 Nb4 37. Kh2 gxh5 38. d6 b5 39. Kg3 f5 40. Nc1
Kf6 41. f4 Nc6 42. Rxd7 Rxd7 43. Nxc6 Rxd6 44. Na5 Rd1 45. Nab3 Rf1 46. Nd3 Rb1
47. Ndc1 Ke6 48. Kh4 Kd5 49. Kg5 Rxb3 50. Kxf5 Rb1 51. Nd3 Kd4 52. Ne5 c1=Q 53.
Nf3+ Ke3 54. Kg5 Qb2 55. Ne5 Qxg2+ 56. Kf6 Ra1 57. Ke7 Qg7+ 58. Kd6 Ra6+ 59.
Kc5 Qc7+ 60. Kb4 Qd6+ 61. Kc3 Qc5+ 62. Kb2 Qb4+ 63. Kc2 Ra2+ 64. Kc1 Qe1# 0-1

[Event "ICS rated blitz match"]
[Site "204.178.125.65"]
[Date "2000.03.05"]
[Round "?"]
[White "Hossa"]
[Black "BinaryLogic"]
[Result "1-0"]
[WhiteElo "2455"]
[BlackElo "2208"]
[PlyCount "36"]

1. e4 c5 2. Nf3 d6 3. d4 cxd4 4. Nxd4 Nf6 5. Nc3 a6 6. Bg5 e6 7. f4 Be7 8. Qf3
Qc7 9. O-O-O Nbd7 10. Bd3 b5 11. Rhe1 O-O 12. e5 Bb7 13. Qh3 dxe5 14. fxe5 Nxe5
15. Rxe5 Ne4 16. Nxe4 h6 17. Bf4 Bxe4 18. Rxe4 Qc5 1-0

[Event "ICS rated blitz match"]
[Site "204.178.125.65"]
[Date "2000.03.05"]
[Round "?"]
[White "Amateur"]
[Black "Hossa"]
[Result "1-0"]
[WhiteElo "2512"]
[BlackElo "2461"]
[PlyCount "82"]

1. e4 c5 2. Nf3 e6 3. Nc3 a6 4. d4 cxd4 5. Nxd4 Qc7 6. Bd3 Nc6 7. Be3 Bb4 8.
Nxc6 bxc6 9. Qg4 Qe5 10. O-O Bxc3 11. bxc3 Nh6 12. Qh4 Qxc3 13. Rab1 d6 14. Qg3
Kd7 15. Bf4 f5 16. Bxd6 Nf7 17. Bb8 Ke7 18. exf5 exf5 19. Rb3 Qd4 20. Re1+ Kf6
21. Bf4 g5 22. Be3 Qd5 23. c4 Qd8 24. Qf3 Ne5 25. Bxg5+ Kxg5 26. Rxe5 Qd4 27.
h4+ Kf6 28. Ra5 Kg7 29. Qxc6 Ra7 30. Bxf5 Bxf5 31. Rxf5 Rd8 32. Rg3+ Kh8 33.
Qh6 Rg7 34. Rxg7 Qxg7 35. Qxa6 Qe7 36. g3 Rd4 37. c5 Rd2 38. Kh2 Rd1 39. c6 Kg7
40. Qc4 Rd8 41. c7 Rc8 1-0